Bricolage : 100 trabalhos para casa (Registo nº 200616)
[ vista simples ]
| 000 -Etiqueta do registo | |
|---|---|
| Valores | 00694nam 22002173 4500 |
| 010 ## - Número ISBN | |
| ISBN | 2-85429-022-4 |
| 100 ## - Dados gerais de processamento | |
| Dados gerais | 20260219d u||y0pory50 ba |
| 200 ## - Titulo e menção de responsabilidade | |
| Título próprio | Bricolage : 100 trabalhos para casa |
| Primeira menção de responsabilidade | Pierre Auguste |
| Outras menções de responsabilidade | tradução de Manuel Faria ; desenhos de Roland Garel |
| 210 ## - Publicação | |
| Local de publicação | Porto |
| Nome do editor | Edinter |
| Data de publicação | cop. 1976 |
| 215 ## - Descrição física | |
| Paginação / Volumes | 88, [4] p. |
| Outras indicações físicas | il. ; encadernado |
| 225 ## - Colecção | |
| Título próprio da colecção | Vidi |
| Número de parte ou secção | 3 |
| 606 ## - Nome comum usado como assunto | |
| ID Autoridade | 16352 |
| Palavra de ordem | A casa. Equipamento e mobiliário domésticos |
| 675 ## - CDU | |
| Notação | 643 |
| Edição | PT |
| Língua | por |
| 700 ## - Autor principal (pessoa individual) | |
| ID Autoridade | 16399 |
| Apelido | Auguste |
| Nome | Pierre |
| Datas | 1917- |
| 702 ## - Autor secundário (pessoa individual) | |
| ID Autoridade | 16400 |
| Apelido | Garel |
| Nome | Roland |
| Datas | 1930-2015 |
| 702 ## - Autor secundário (pessoa individual) | |
| ID Autoridade | 16401 |
| Apelido | Faria |
| Nome | Manuel |
| 801 ## - Fonte de origem | |
| País | PT |
| Agência | BMMN |
| Regras de catalogação | RPC |
| 830 ## - Notas gerais do catalogador | |
| Criado por | Vanda |
| 990 ## - Elementos KOHA | |
| Tipo de documento | Livro |
| Situação do levantamento | Biblioteca de origem | Código de barras | Cota | Permissão de empréstimo | Tipo de documento | Forma de aquisição |
|---|---|---|---|---|---|---|
| Biblioteca Municipal de Montemor-o-Novo | 29819 | 643 AUG|DEP | Livro | Compra |